000 01157cam a2200241 4500
001 ABS65613
008 020704n2002 000 0 eng u
035 _a(Sirsi) u118676
100 _aWhitehead, T.
245 _aFM special report
260 _c2002
490 _aContract Journal
_v413(6379) 29 May 2002, 14-21(7)
520 _aLooks at the facilities management industry which has developed rapidly over recent years following the popularity of outsourcing - the technique of contracting out non-core business activities to facilities managers. Gives details of the size of the FM market although cautions that this depends on how this is measured. Examines a joint venture when Morrison Construction formed CityCare to take on all of Norwich City Council's facilities managment. This is a ten year contract and involves 700 staff.
590 _aABS
650 _aCONSTRUCTION INDUSTRY
650 _aOUTSOURCING
650 _aFACILITIES MANAGERS
650 _aFACILITIES AND PROPERTY MANAGEMENT
650 _aMANAGEMENT-PROJECT MANAGEMENT
650 _aMORRISON CONSTRUCTION
690 _aMANAGEMENT-FACILITIES MANAGEMENT
942 _n0
999 _c70676
_d70676